Időben felfedezik Ismeretterjesztő előadások Szegeden a rákszűrésről /

Elmentve itt :
Bibliográfiai részletek
Szerző: Sulyok Erzsébet
Dokumentumtípus: Cikk
Megjelent: 1972-05-05
Sorozat:Délmagyarország 62 No. 104
Kulcsszavak:TIT, tüdőszűrés, tüdőrák
Online Access:http://dmarchiv.bibl.u-szeged.hu/102957
LEADER 00522nab a2200157 i 4500
001 delm102957
005 20190320130314.0
008 190320s1972 hu o 0|| hun d
040 |a SZTE Délmagyarország Archívum  |b hun 
041 |a hun 
100 1 |a Sulyok Erzsébet 
245 1 0 |a Időben felfedezik   |h [elektronikus dokumentum] :  |b Ismeretterjesztő előadások Szegeden a rákszűrésről /  |c  Sulyok Erzsébet 
260 |c 1972-05-05 
300 |a 5 
490 0 |a Délmagyarország  |v 62 No. 104 
695 |a TIT, tüdőszűrés, tüdőrák